000 00274nam a22001217a 4500
008 181010b xxu||||| |||| 00| 0 eng d
041 _aeng
080 _a371
100 _a25
101 _aEDU
245 _aMastering the Techniques of Teaching
_cLowman,J
942 _2udc
_cBK
999 _c49272
_d49272